<?xml version="1.0" encoding="UTF-8"?>
<record
    xmlns:xsi="http://www.w3.org/2001/XMLSchema-instance"
    xsi:schemaLocation="http://www.loc.gov/MARC21/slim http://www.loc.gov/standards/marcxml/schema/MARC21slim.xsd"
    xmlns="http://www.loc.gov/MARC21/slim">

  <leader>03675njm a2200553Ia 4500</leader>
  <controlfield tag="001">25631</controlfield>
  <controlfield tag="003">IT-RoPAU</controlfield>
  <controlfield tag="005">20220918181120.0</controlfield>
  <controlfield tag="008">131025s9999    xx            000 0 und d</controlfield>
  <datafield tag="040" ind1=" " ind2=" ">
    <subfield code="a">IT-RoPAU</subfield>
  </datafield>
  <datafield tag="040" ind1=" " ind2=" ">
    <subfield code="c">IT-RoPAU</subfield>
  </datafield>
  <datafield tag="041" ind1=" " ind2=" ">
    <subfield code="a">ITALIANO</subfield>
  </datafield>
  <datafield tag="999" ind1=" " ind2=" ">
    <subfield code="c">99709</subfield>
    <subfield code="d">99709</subfield>
  </datafield>
  <datafield tag="999" ind1=" " ind2=" ">
    <subfield code="b">n.d.</subfield>
  </datafield>
  <datafield tag="100" ind1=" " ind2=" ">
    <subfield code="a">AA.VV.</subfield>
    <subfield code="9">794</subfield>
  </datafield>
  <datafield tag="100" ind1=" " ind2=" ">
    <subfield code="e">Autore musica</subfield>
    <subfield code="9">12776</subfield>
  </datafield>
  <datafield tag="100" ind1=" " ind2=" ">
    <subfield code="g">Codice autore musica SPICS: 12000</subfield>
    <subfield code="9">796</subfield>
  </datafield>
  <datafield tag="245" ind1=" " ind2=" ">
    <subfield code="a">Iva Zanicchi Special</subfield>
  </datafield>
  <datafield tag="250" ind1=" " ind2=" ">
    <subfield code="a">1a ed.</subfield>
  </datafield>
  <datafield tag="260" ind1=" " ind2=" ">
    <subfield code="a">MILANO</subfield>
  </datafield>
  <datafield tag="260" ind1=" " ind2=" ">
    <subfield code="b">RI - FI RECORD COMPANY</subfield>
    <subfield code="c">1973 [1a Ed.:1973 - Ed. Lingua Orig.: 1973]</subfield>
  </datafield>
  <datafield tag="300" ind1=" " ind2=" ">
    <subfield code="a">DISCO</subfield>
  </datafield>
  <datafield tag="300" ind1=" " ind2=" ">
    <subfield code="c">36 minuti (Testo:  pag.)</subfield>
  </datafield>
  <datafield tag="500" ind1=" " ind2=" ">
    <subfield code="a">Canzoni di Iva Zanicchi. Canzone italiana, sentimentale</subfield>
  </datafield>
  <datafield tag="505" ind1=" " ind2=" ">
    <subfield code="a">Vivr&#xF2; [(My Prayer) (3:00)] - Io sogno (4:00) - Aria di settembre (3:00) - Che vuoi che sia (3:00) - Ma l'amore no (3:00) - Senza catene (4:00) - Morire d'amore [(Mourir d'aimer) (5:00)] - Se (3:00) - Dolcemente [(Love me Tender) (3:00)] - Estasi d'amore [(My Foolish Heart) (4:00)] - Tu non sei pi&#xF9; innamorato di me (4:00) - Chi come me (3:00)</subfield>
  </datafield>
  <datafield tag="650" ind1=" " ind2=" ">
    <subfield code="a">CANZONE ITALIAN [DISCHI]</subfield>
    <subfield code="e">Codice MATERIA SPICS: 9950</subfield>
    <subfield code="9">12777</subfield>
  </datafield>
  <datafield tag="700" ind1=" " ind2=" ">
    <subfield code="a">Zanicchi Iva</subfield>
    <subfield code="g">Codice interprete SPICS: 11562</subfield>
    <subfield code="e">Interprete</subfield>
    <subfield code="9">12778</subfield>
  </datafield>
  <datafield tag="700" ind1=" " ind2=" ">
    <subfield code="a">Bertini Umberto</subfield>
    <subfield code="g">Codice autore musica SPICS: 13511</subfield>
    <subfield code="e">Autore musica</subfield>
    <subfield code="p">Vivr&#xF2; (My Prayer)</subfield>
    <subfield code="9">12779</subfield>
  </datafield>
  <datafield tag="700" ind1=" " ind2=" ">
    <subfield code="a">Boulanger</subfield>
    <subfield code="g">Codice autore testo/musica SPICS: 16088</subfield>
    <subfield code="e">Autore testo/musica</subfield>
    <subfield code="p">Vivr&#xF2; (My Prayer)</subfield>
    <subfield code="9">12780</subfield>
  </datafield>
  <datafield tag="700" ind1=" " ind2=" ">
    <subfield code="a">Vinciguerra Salvatore</subfield>
    <subfield code="g">Codice autore testo/musica SPICS: 16089</subfield>
    <subfield code="e">Autore testo/musica</subfield>
    <subfield code="p">Io sogno</subfield>
    <subfield code="9">12781</subfield>
  </datafield>
  <datafield tag="700" ind1=" " ind2=" ">
    <subfield code="a">Arazzini A.</subfield>
    <subfield code="g">Codice autore musica SPICS: 16090</subfield>
    <subfield code="e">Autore musica</subfield>
    <subfield code="p">Aria di settembre - Tu non sei pi&#xF9; innamorato di me</subfield>
    <subfield code="9">12782</subfield>
  </datafield>
  <datafield tag="700" ind1=" " ind2=" ">
    <subfield code="a">Leoni Ezio</subfield>
    <subfield code="g">Codice autore testo/musica SPICS: 16082</subfield>
    <subfield code="e">Autore testo/musica</subfield>
    <subfield code="p">Aria di settembre - Tu non sei pi&#xF9; innamorato di me</subfield>
    <subfield code="9">12783</subfield>
  </datafield>
  <datafield tag="700" ind1=" " ind2=" ">
    <subfield code="a">Migliacci Franco</subfield>
    <subfield code="g">Codice autore musica SPICS: 13653</subfield>
    <subfield code="e">Autore musica</subfield>
    <subfield code="p">Che vuoi che sia</subfield>
    <subfield code="9">12784</subfield>
  </datafield>
  <datafield tag="700" ind1=" " ind2=" ">
    <subfield code="a">Jurgens Udo</subfield>
    <subfield code="g">Codice autore testo/musica SPICS: 14052</subfield>
    <subfield code="e">Autore testo/musica</subfield>
    <subfield code="p">Che vuoi che sia</subfield>
    <subfield code="9">12785</subfield>
  </datafield>
  <datafield tag="700" ind1=" " ind2=" ">
    <subfield code="a">Galdieri Michele</subfield>
    <subfield code="g">Codice autore musica SPICS: 13370</subfield>
    <subfield code="e">Autore musica</subfield>
    <subfield code="p">Ma l'amore no</subfield>
    <subfield code="9">12786</subfield>
  </datafield>
  <datafield tag="700" ind1=" " ind2=" ">
    <subfield code="a">D'Anzi Giovanni</subfield>
    <subfield code="g">Codice autore testo/musica SPICS: 13458</subfield>
    <subfield code="e">Autore testo/musica</subfield>
    <subfield code="p">Ma l'amore no</subfield>
    <subfield code="9">12787</subfield>
  </datafield>
  <datafield tag="700" ind1=" " ind2=" ">
    <subfield code="a">Panzeri Mario</subfield>
    <subfield code="g">Codice autore musica SPICS: 13372</subfield>
    <subfield code="e">Autore musica</subfield>
    <subfield code="p">Senza catene - Dolcemente (Love me Tender)</subfield>
    <subfield code="9">12788</subfield>
  </datafield>
  <datafield tag="700" ind1=" " ind2=" ">
    <subfield code="a">Nomen</subfield>
    <subfield code="g">Codice autore SPICS: 27718</subfield>
    <subfield code="e">Autore</subfield>
    <subfield code="p">Senza catene</subfield>
    <subfield code="9">12789</subfield>
  </datafield>
  <datafield tag="700" ind1=" " ind2=" ">
    <subfield code="a">North Alex</subfield>
    <subfield code="g">Codice autore testo/musica SPICS: 11042</subfield>
    <subfield code="e">Autore testo/musica</subfield>
    <subfield code="p">Senza catene</subfield>
    <subfield code="9">12790</subfield>
  </datafield>
  <datafield tag="700" ind1=" " ind2=" ">
    <subfield code="a">Aznavour Charles</subfield>
    <subfield code="g">Codice autore musica SPICS: 9707</subfield>
    <subfield code="e">Autore musica</subfield>
    <subfield code="p">Morire d'amore (Mourir d'aimer)</subfield>
    <subfield code="9">12791</subfield>
  </datafield>
  <datafield tag="700" ind1=" " ind2=" ">
    <subfield code="a">Calabrese Giorgio</subfield>
    <subfield code="g">Codice autore testo/musica SPICS: 1368</subfield>
    <subfield code="e">Autore testo/musica</subfield>
    <subfield code="p">Morire d'amore (Mourir d'aimer)</subfield>
    <subfield code="9">12792</subfield>
  </datafield>
  <datafield tag="700" ind1=" " ind2=" ">
    <subfield code="a">Misselvia</subfield>
    <subfield code="g">Codice autore musica SPICS: 14169</subfield>
    <subfield code="e">Autore musica</subfield>
    <subfield code="p">Se</subfield>
    <subfield code="9">12793</subfield>
  </datafield>
  <datafield tag="700" ind1=" " ind2=" ">
    <subfield code="a">Evans Gil</subfield>
    <subfield code="g">Codice autore testo/musica SPICS: 10220</subfield>
    <subfield code="e">Autore testo/musica</subfield>
    <subfield code="p">Se</subfield>
    <subfield code="9">12794</subfield>
  </datafield>
  <datafield tag="700" ind1=" " ind2=" ">
    <subfield code="a">Matson V.</subfield>
    <subfield code="g">Codice autore SPICS: 15870</subfield>
    <subfield code="e">Autore</subfield>
    <subfield code="p">Dolcemente (Love me Tender)</subfield>
    <subfield code="9">12795</subfield>
  </datafield>
  <datafield tag="700" ind1=" " ind2=" ">
    <subfield code="a">Presley Elvis</subfield>
    <subfield code="g">Codice autore testo/musica SPICS: 11085</subfield>
    <subfield code="e">Autore testo/musica</subfield>
    <subfield code="p">Dolcemente (Love me Tender)</subfield>
    <subfield code="9">12796</subfield>
  </datafield>
  <datafield tag="700" ind1=" " ind2=" ">
    <subfield code="a">Washington Ned</subfield>
    <subfield code="g">Codice autore musica SPICS: 16091</subfield>
    <subfield code="e">Autore musica</subfield>
    <subfield code="p">Estasi d'amore (My Foolish Heart)</subfield>
    <subfield code="9">12797</subfield>
  </datafield>
  <datafield tag="700" ind1=" " ind2=" ">
    <subfield code="a">Nisa (Salerno Nicola)</subfield>
    <subfield code="g">Codice autore testo/musica SPICS: 13452</subfield>
    <subfield code="e">Autore testo/musica</subfield>
    <subfield code="p">Estasi d'amore (My Foolish Heart)</subfield>
    <subfield code="9">12798</subfield>
  </datafield>
  <datafield tag="700" ind1=" " ind2=" ">
    <subfield code="a">Maggi Plinio</subfield>
    <subfield code="g">Codice autore testo/musica SPICS: 16092</subfield>
    <subfield code="e">Autore testo/musica</subfield>
    <subfield code="p">Chi come me</subfield>
    <subfield code="9">12799</subfield>
  </datafield>
  <datafield tag="942" ind1=" " ind2=" ">
    <subfield code="c">MD</subfield>
    <subfield code="2">ddc</subfield>
  </datafield>
  <datafield tag="952" ind1=" " ind2=" ">
    <subfield code="0">0</subfield>
    <subfield code="1">0</subfield>
    <subfield code="4">0</subfield>
    <subfield code="6">25631_000000000000000</subfield>
    <subfield code="7">1</subfield>
    <subfield code="a">SPICS</subfield>
    <subfield code="b">SPICS</subfield>
    <subfield code="d">2013-10-25</subfield>
    <subfield code="l">0</subfield>
    <subfield code="o">25631</subfield>
    <subfield code="r">2013-10-25 00:00:00</subfield>
    <subfield code="w">2013-10-25</subfield>
    <subfield code="y">MD</subfield>
    <subfield code="z">Progr. Ins.: 5505 / N.Vol.: 1 / Copie: 1 - Copia rara: n.d. / date import: 01.01.2014 - By Epidotti, Trombetti, Vaglietti</subfield>
  </datafield>
</record>
